书目信息 |
| 题名: |
初等代数习题解答
|
|
| 作者: | ;芜湖师专 编 | |
| 分册: | ||
| 出版信息: | 1985.01 |
|
| 页数: | 122页 | |
| 开本: | 26cm | |
| 丛书名: | ||
| 单 册: | ||
| 中图分类: | O122-44 | |
| 科图分类: | ||
| 主题词: | 初等数学 | |
| 电子资源: | ||
| ISBN: | ||
| 000 | 00469nam0 2200169 450 | |
| 001 | 0632060297 | |
| 005 | 20060820085526.20 | |
| 100 | @a20060820d1985 km y0chiy0120 ea | |
| 101 | 0 | @achi |
| 200 | 1 | @a初等代数习题解答@Achu deng dai shu xi ti jie da@f芜湖师专编@Fwu hu shi zhuan bian |
| 210 | @d1985.01 | |
| 215 | @a122页@d26cm | |
| 606 | 0 | @a初等数学 |
| 690 | @aO122-44@v3 | |
| 711 | 0 | @a芜湖师专@Awu hu shi zhuan@4编 |
| 801 | 0 | @aCN@bPFT@c20060820 |
| 905 | @a10447@dO122-44@e28 | |
| 初等代数习题解答/芜湖师专编.-1985.01 |
| 122页;26cm |
| ISBN : |
| ● |
| 相关链接 |
|
|
|
|
正题名:初等代数习题解答
索取号:O122-44/28
 
预约/预借
| 序号 | 登录号 | 条形码 | 馆藏地/架位号 | 状态 | 备注 |
| 1 | 0468990 | 204689907 | 密集书库/ [索取号:O122-44/28] | 在馆 |